The 10 Deadliest Tsunamis (that we know of) - Statistics

General Stats
  • This quiz has been taken 367 times
  • The average score is 7 of 10
Answer Stats
Location Deaths Year % Correct
1 Indian Ocean (Sumatra, Indonesia) 350,000 2004
96%
10. Kyushu Island, Japan 15,030 1972
91%
8. Sanriku, Japan 26,300 1896
91%
7. Tokaido-Nankaido, Japan 30,000 1707
91%
6. Krakatau, Indonesia 36,500 1883
85%
9. Northern Chile 25,674 1868
60%
3. Portugal, Morocco, Ireland, UK 100,000 1755
56%
4. Messina, Italy 100,000 1908
48%
2. Ancient Greece (Islands of Crete and Santorini) 100,000 1410 B.C.
43%
5. South China Sea (Taiwan) 40,000 1782
30%
No matching quizzes found
Score Distribution
Percent of People with Each Score
Percentile by Number Answered
Your Score History
You have not taken this quiz